Statistics for Top 10 Island Countries by Land Area Quiz

Click here to take the quiz!

General Stats

  • This quiz has been taken 45 times
  • The average score is 9 of 10

Answer Stats

Measurement(sq km) Answer % Correct
209,331United Kingdom
100%
587,041Madagascar
98%
377,873Japan
98%
300,000Philippines
98%
103,000Iceland
98%
1,904,569Indonesia
95%
270,534New Zealand
91%
110,861Cuba
91%
462,840Papua New Guinea
77%
329,847Malaysia
77%

Score Distribution

Percentile by Number Answered

Percent of People with Each Score

Your Score History

You have not taken this quiz